[Event "Altenkirchen Seniors op 18th"]
[Site "Altenkirchen"]
[Date "2021.07.05"]
[Round "4"]
[White "Froitzheim, Ralf"]
[Black "Etzold, Ernst Walter"]
[Result "1/2-1/2"]
[WhiteElo "1906"]
[BlackElo "1992"]
[PlyCount "80"]
[EventDate "2021.07.02"]
[EventType "swiss"]
[EventRounds "9"]
[EventCountry "GER"]
[SourceTitle "CBM 203 Extra"]
[Source "ChessBase"]
[SourceDate "2021.09.30"]
[SourceVersion "1"]
[SourceVersionDate "2021.09.30"]
[SourceQuality "1"]

1. c4 Nf6 2. Nc3 e6 3. e4 d6 4. d4 Nbd7 5. Nf3 c5 6. d5 e5 7. Be2 Be7 8. 0-0 Nf8 9. h3 Ng6 10. Nh2 Bd7 11. Ng4 0-0 12. Nxf6+ Bxf6 13. Bg4 a6 14. Bd2 b5 15. b3 b4 16. Na4 Rb8 17. Bxd7 Qxd7 18. Qf3 Bd8 19. g4 Nh4 20. Qg3 g5 21. Rad1 Kg7 22. Be3 f6 23. f3 Be7 24. Rd2 Rh8 25. Rff2 Rbg8 26. Rh2 Kf8 27. Rh1 Rg7 28. Nb2 Ke8 29. Na4 h5 30. Rdh2 Rgh7 31. Kf2 Ng6 32. Qg2 Bf8 33. Kg1 Nh4 34. Qg3 Qf7 35. Nb2 Qg6 36. Nd3 Be7 37. Kf2 hxg4 38. hxg4 Kd7 39. Ne1 Qg8 40. Ng2 Ng6 1/2-1/2

[Event "Erfurt op Seniors 29th"]
[Site "Erfurt"]
[Date "2019.12.27"]
[Round "2"]
[White "Jackisch, Johannes"]
[Black "Etzold, Ernst Walter"]
[Result "0-1"]
[WhiteElo "1600"]
[BlackElo "2041"]
[PlyCount "56"]
[EventDate "2019.12.26"]
[EventType "swiss"]
[EventRounds "5"]
[EventCountry "GER"]
[SourceTitle "CBM 194 Extra"]
[Source "ChessBase"]
[SourceDate "2020.03.31"]
[SourceVersion "1"]
[SourceVersionDate "2020.03.31"]
[SourceQuality "1"]

1. e4 e6 2. d4 d5 3. e5 c5 4. c3 Nc6 5. Nf3 Qb6 6. Qb3 Na5 7. Qb5+ Bd7 8. Qxb6 axb6 9. Nbd2 f6 10. Be2 Ne7 11. 0-0 Ng6 12. exf6 gxf6 13. b3 Bd6 14. Bb2 Nf4 15. Rfe1 Nxe2+ 16. Rxe2 Kf7 17. h3 Rhg8 18. Kf1 Bb5 19. c4 dxc4 20. Ne4 Be7 21. Nc3 Bc6 22. Rae1 cxd4 23. Rxe6 Bc5 24. Na4 Rae8 25. Nxc5 bxc5 26. Rd6 cxb3 27. axb3 Nxb3 28. Nh4 Nd2+ 0-1

[Event "Rheinland Pfalz op Seniors 13th"]
[Site "Neustadt an der Weinstrasse"]
[Date "2015.07.12"]
[Round "3"]
[White "Etzold, Ernst Walter"]
[Black "Beyer, Harald"]
[Result "1-0"]
[WhiteElo "2138"]
[BlackElo "1645"]
[PlyCount "67"]
[EventDate "2015.07.10"]
[EventType "swiss"]
[EventRounds "7"]
[EventCountry "GER"]
[SourceTitle "EXT 2019"]
[Source "ChessBase"]
[SourceDate "2018.10.10"]
[SourceVersion "1"]
[SourceVersionDate "2018.10.10"]
[SourceQuality "1"]

1. d4 d5 2. Nf3 Nf6 3. c4 e6 4. Nc3 Be7 5. Bg5 0-0 6. e3 c6 7. Qc2 Nbd7 8. cxd5 exd5 9. Bd3 h6 10. Bf4 Re8 11. 0-0 Nh5 12. Nxd5 Nxf4 13. Nxf4 Bd6 14. Ne2 Nf6 15. h3 Nd5 16. Qd1 Qf6 17. Nc3 Nb4 18. Bb1 Qe7 19. e4 f6 20. Re1 Bc7 21. a3 Na6 22. Ba2+ Kh8 23. Qd3 g6 24. Rad1 Bd7 25. Qd2 Kg7 26. e5 Be6 27. Bxe6 Qxe6 28. d5 cxd5 29. exf6+ Qxf6 30. Nxd5 Qd6 31. Qc3+ Kf7 32. Nxc7 Rxe1+ 33. Qxe1 Qxc7 34. Rd7+ 1-0

[Event "Hessen-ch Seniors op 10th"]
[Site "Bad Sooden-Allendorf"]
[Date "2014.05.04"]
[Round "9"]
[White "Etzold, Ernst Walter"]
[Black "Krotofil, Kurt"]
[Result "1/2-1/2"]
[WhiteElo "2134"]
[BlackElo "1914"]
[PlyCount "33"]
[EventDate "2014.04.26"]
[EventType "swiss"]
[EventRounds "9"]
[EventCountry "GER"]
[SourceTitle "EXT 2018"]
[Source "ChessBase"]
[SourceDate "2017.10.13"]
[SourceVersion "1"]
[SourceVersionDate "2017.10.13"]
[SourceQuality "1"]

1. d4 Nf6 2. Nf3 g6 3. c4 Bg7 4. Nc3 0-0 5. e4 d6 6. Be2 e5 7. dxe5 dxe5 8. Qxd8 Rxd8 9. Bg5 Re8 10. 0-0-0 Na6 11. h3 Be6 12. Be3 b6 13. Rhe1 Rad8 14. Bf1 Nd7 15. Ng5 Ndc5 16. Nxe6 Nxe6 17. Nb5 1/2-1/2

[Event "Hessen-ch Seniors op 10th"]
[Site "Bad Sooden-Allendorf"]
[Date "2014.04.29"]
[Round "4"]
[White "Liebert, Heinz"]
[Black "Etzold, Ernst Walter"]
[Result "1-0"]
[WhiteElo "2238"]
[BlackElo "2134"]
[PlyCount "61"]
[EventDate "2014.04.26"]
[EventType "swiss"]
[EventRounds "9"]
[EventCountry "GER"]
[SourceTitle "EXT 2018"]
[Source "ChessBase"]
[SourceDate "2017.10.13"]
[SourceVersion "1"]
[SourceVersionDate "2017.10.13"]
[SourceQuality "1"]

1. c4 c5 2. Nf3 Nc6 3. d4 cxd4 4. Nxd4 Nf6 5. Nc3 g6 6. e4 d6 7. Be2 Bg7 8. Be3 0-0 9. 0-0 a6 10. Qd2 Ng4 11. Bxg4 Bxg4 12. f3 Bd7 13. Rfd1 f5 14. exf5 gxf5 15. Nd5 Ne5 16. Rac1 Ng6 17. Ne2 Rc8 18. Bg5 Be6 19. Nef4 Bxd5 20. Qxd5+ Rf7 21. Ne6 Qb6+ 22. c5 dxc5 23. Nd8 e6 24. Nxe6 h6 25. Nd8 Rxd8 26. Qxd8+ Qxd8 27. Rxd8+ Kh7 28. Be3 Bxb2 29. Rxc5 f4 30. Bd4 Ba3 31. Rcd5 1-0

[Event "Bayern-ch Seniors 25th"]
[Site "Bergen"]
[Date "2013.06.18"]
[Round "5.2"]
[White "Urytskyy, Arkadiy"]
[Black "Etzold, Ernst Walter"]
[Result "1/2-1/2"]
[WhiteElo "2023"]
[BlackElo "1962"]
[PlyCount "30"]
[EventDate "2013.06.15"]
[EventType "swiss"]
[EventRounds "9"]
[EventCountry "GER"]
[SourceTitle "EXT 2022"]
[Source "ChessBase"]
[SourceDate "2021.10.06"]
[SourceVersion "1"]
[SourceVersionDate "2021.10.06"]
[SourceQuality "1"]

1. Nf3 d5 2. c4 e6 3. g3 Nf6 4. Bg2 Be7 5. b3 Nbd7 6. 0-0 c6 7. d3 0-0 8. Nbd2 e5 9. Qc2 Re8 10. Rb1 Bf8 11. e4 a5 12. Nh4 Nc5 13. cxd5 cxd5 14. Ba3 Ncxe4 15. dxe4 Bxa3 1/2-1/2

[Event "Hessen-ch Seniors op 08th"]
[Site "Bad Sooden-Allendorf"]
[Date "2012.04.15"]
[Round "2"]
[White "Nietsch, Horst"]
[Black "Etzold, Ernst Walter"]
[Result "1-0"]
[WhiteElo "2002"]
[BlackElo "2164"]
[PlyCount "85"]
[EventDate "2012.04.14"]
[EventType "swiss"]
[EventRounds "9"]
[EventCountry "GER"]
[SourceTitle "EXT 2019"]
[Source "ChessBase"]
[SourceDate "2018.10.10"]
[SourceVersion "1"]
[SourceVersionDate "2018.10.10"]
[SourceQuality "1"]

1. e4 d6 2. d4 Nf6 3. Nc3 g6 4. Nf3 Bg7 5. Bc4 c6 6. Bb3 0-0 7. 0-0 b5 8. a3 a6 9. Qe2 Bb7 10. e5 Nd5 11. Nxd5 cxd5 12. e6 Qe8 13. exf7+ Qxf7 14. Ng5 Qf6 15. Ne6 Nd7 16. Bg5 Qf7 17. Nxf8 Kxf8 18. c3 e5 19. Qd2 Re8 20. dxe5 Nc5 21. Bc2 dxe5 22. f4 e4 23. f5 Kg8 24. fxg6 Qxg6 25. Be3 Ne6 26. Bb3 Kh8 27. Rad1 Rd8 28. Rf2 Be5 29. Rdf1 Qh5 30. g3 Qh3 31. Bd4 Bxd4 32. cxd4 Rg8 33. Qe3 Ng5 34. Bd1 Qh6 35. Kh1 Qg7 36. Bg4 Bc8 37. Bxc8 Rxc8 38. Rf5 h6 39. Rxd5 Rc2 40. Rd8+ Kh7 41. h4 Qe7 42. hxg5 Qe6 43. Kg1 1-0

[Event "GER-chT Seniors 19th"]
[Site "Eckernfoerde"]
[Date "2010.09.18"]
[Round "6.3"]
[White "Etzold, Ernst Walter"]
[Black "Limberg, Siegfried"]
[Result "1-0"]
[WhiteElo "1985"]
[BlackElo "2034"]
[PlyCount "31"]
[EventDate "2010.09.13"]
[EventType "team-swiss"]
[EventRounds "7"]
[EventCountry "GER"]
[SourceTitle "EXT 2011"]
[Source "ChessBase"]
[SourceDate "2010.11.26"]
[SourceVersion "1"]
[SourceVersionDate "2010.11.26"]
[SourceQuality "1"]
[WhiteTeam "Thueringen"]
[BlackTeam "Hessen II"]
[WhiteTeamCountry "GER"]
[BlackTeamCountry "GER"]

1. d4 c5 2. e3 e6 3. Nf3 Nf6 4. Nbd2 Be7 5. b3 0-0 6. Bb2 b6 7. Bd3 d5 8. Ne5 Bb7 9. 0-0 Nbd7 10. Qe2 Qc7 11. Rad1 Rac8 12. f4 Ne4 13. Nxd7 Qxd7 14. dxc5 f5 15. Nxe4 dxe4 16. Bb5 1-0

[Event "GER-chT Seniors 19th"]
[Site "Eckernfoerde"]
[Date "2010.09.15"]
[Round "3.3"]
[White "Hoeschele, Hans Ulrich"]
[Black "Etzold, Ernst Walter"]
[Result "0-1"]
[WhiteElo "2055"]
[BlackElo "1985"]
[PlyCount "82"]
[EventDate "2010.09.13"]
[EventType "team-swiss"]
[EventRounds "7"]
[EventCountry "GER"]
[SourceTitle "EXT 2011"]
[Source "ChessBase"]
[SourceDate "2010.11.26"]
[SourceVersion "1"]
[SourceVersionDate "2010.11.26"]
[SourceQuality "1"]
[WhiteTeam "Wuerttemberg II"]
[BlackTeam "Thueringen"]
[WhiteTeamCountry "GER"]
[BlackTeamCountry "GER"]

1. e4 d6 2. d4 Nf6 3. Nc3 g6 4. Be3 Bg7 5. f3 0-0 6. Qd2 e5 7. d5 a5 8. Nge2 Nbd7 9. g4 Nc5 10. Ng3 Ne8 11. 0-0-0 f5 12. gxf5 gxf5 13. Nh5 f4 14. Bxc5 dxc5 15. Rg1 Kh8 16. d6 Qxd6 17. Qf2 Qe7 18. Nd5 Qf7 19. Nxg7 Nxg7 20. Qxc5 Be6 21. Nc3 Qf6 22. Bc4 Bxc4 23. Qxc4 c6 24. Rd7 Ne6 25. Rd6 Rae8 26. Qf1 Qe7 27. Rd3 Rg8 28. Rd1 Nd4 29. Qh3 b5 30. Rg4 b4 31. Na4 Rxg4 32. Qxg4 Rg8 33. Qh5 Rg2 34. c3 bxc3 35. Nxc3 Rc2+ 36. Kb1 Rxb2+ 37. Ka1 Rb8 38. Rd2 Qc5 39. Rb2 Nc2+ 40. Kb1 Na3+ 41. Kc1 Qxc3+ 0-1

[Event "GER-chT Seniors 19th"]
[Site "Eckernfoerde"]
[Date "2010.09.13"]
[Round "1.3"]
[White "Neukirch, Detlef"]
[Black "Etzold, Ernst Walter"]
[Result "0-1"]
[WhiteElo "2173"]
[BlackElo "1985"]
[PlyCount "72"]
[EventDate "2010.09.13"]
[EventType "team-swiss"]
[EventRounds "7"]
[EventCountry "GER"]
[SourceTitle "EXT 2011"]
[Source "ChessBase"]
[SourceDate "2010.11.26"]
[SourceVersion "1"]
[SourceVersionDate "2010.11.26"]
[SourceQuality "1"]
[WhiteTeam "Sachsen Anhalt"]
[BlackTeam "Thueringen"]
[WhiteTeamCountry "GER"]
[BlackTeamCountry "GER"]

1. e4 d6 2. d4 Nf6 3. Nc3 g6 4. Nf3 Bg7 5. Be2 0-0 6. 0-0 c6 7. Re1 Bg4 8. Bf4 Nbd7 9. e5 Nh5 10. Bg5 f6 11. exf6 Nhxf6 12. Qd2 Kh8 13. Rad1 Qa5 14. Bh6 Bxh6 15. Qxh6 Ng8 16. Qe3 Bxf3 17. Bxf3 Ndf6 18. Qe6 Rae8 19. Rd3 Nh6 20. b4 Qb6 21. d5 Nfg4 22. Rf1 Ne5 23. Re3 Rf6 24. Qh3 Nf5 25. Re4 Nd4 26. Bd1 Nf5 27. g4 Nd4 28. Na4 Qb5 29. Rxd4 Qxa4 30. f4 Ref8 31. g5 Rf5 32. Qe3 cxd5 33. Re1 Nc6 34. c4 Qxb4 35. Rxd5 Rxf4 36. Be2 Qxe1+ 0-1

[Event "GER-chT Seniors 18th"]
[Site "Finsterbergen"]
[Date "2009.09.14"]
[Round "4"]
[White "Welz, Peter"]
[Black "Etzold, Ernst Walter"]
[Result "1-0"]
[WhiteElo "2101"]
[BlackElo "2135"]
[PlyCount "85"]
[EventDate "2009.09.12"]
[EventType "team-swiss"]
[EventRounds "7"]
[EventCountry "GER"]
[SourceTitle "CBM 132 Extra"]
[Source "ChessBase"]
[SourceDate "2009.11.03"]
[SourceVersion "1"]
[SourceVersionDate "2009.11.03"]
[SourceQuality "1"]

1. e4 d6 2. d4 Nf6 3. Nc3 g6 4. f4 Bg7 5. Nf3 0-0 6. Bd3 c6 7. 0-0 b5 8. e5 Ne8 9. Ne4 Na6 10. c3 Nac7 11. Qe1 f6 12. Qg3 Be6 13. Bd2 Qd7 14. b3 Rd8 15. Bc2 Bd5 16. Rae1 Ne6 17. h4 c5 18. h5 gxh5 19. f5 fxe5 20. fxe6 Qxe6 21. Neg5 Qg4 22. Bxh7+ Kh8 23. Nh4 Rxf1+ 24. Rxf1 Bf6 25. Qxg4 hxg4 26. Bf5 exd4 27. cxd4 Bxd4+ 28. Kh1 Nc7 29. Bxg4 Bf6 30. Bf3 Kg7 31. Bxd5 Rh8 32. Ne6+ Nxe6 33. Bxe6 Rxh4+ 34. Bh3 c4 35. Rf4 c3 36. Rxf6 cxd2 37. Rf1 Re4 38. Kg1 e6 39. g3 a5 40. Kf2 Kf6 41. Rd1 a4 42. Rxd2 d5 43. Re2 1-0

[Event "GER-chT Seniors 18th"]
[Site "Finsterbergen"]
[Date "2009.09.12"]
[Round "1"]
[White "Etzold, Ernst Walter"]
[Black "Rapp, Uwe"]
[Result "0-1"]
[WhiteElo "2135"]
[BlackElo "2175"]
[PlyCount "48"]
[EventDate "2009.09.12"]
[EventType "team-swiss"]
[EventRounds "7"]
[EventCountry "GER"]
[SourceTitle "CBM 132 Extra"]
[Source "ChessBase"]
[SourceDate "2009.11.03"]
[SourceVersion "1"]
[SourceVersionDate "2009.11.03"]
[SourceQuality "1"]

1. d4 d5 2. Nf3 e6 3. c4 c6 4. Nc3 dxc4 5. e3 b5 6. a4 Bb4 7. Bd2 a5 8. axb5 Bxc3 9. Bxc3 cxb5 10. Ne5 Nf6 11. b3 Bb7 12. bxc4 b4 13. Bb2 0-0 14. Bd3 Nbd7 15. Qc2 h6 16. Rg1 Nxe5 17. dxe5 Nd7 18. Rd1 Qc7 19. f4 Nc5 20. g4 Nxd3+ 21. Qxd3 Rac8 22. g5 hxg5 23. Rxg5 Qxc4 24. Qd7 Ba6 0-1

[Event "GER-chT Seniors 15th"]
[Site "Bad Blankenburg"]
[Date "2006.09.07"]
[Round "5.3"]
[White "Dornieden, Manfred"]
[Black "Etzold, Ernst Walter"]
[Result "1-0"]
[WhiteElo "2267"]
[BlackElo "2117"]
[PlyCount "53"]
[EventDate "2006.09.03"]
[EventType "team-swiss"]
[EventRounds "7"]
[EventCountry "GER"]
[SourceTitle "CBM 114 Extra"]
[Source "ChessBase"]
[SourceDate "2006.11.03"]
[SourceVersion "1"]
[SourceVersionDate "2006.11.03"]
[SourceQuality "1"]

1. c4 Nf6 2. Nf3 c6 3. b3 d5 4. Bb2 Bf5 5. d3 e6 6. g3 Be7 7. Bg2 h6 8. 0-0 0-0 9. Nbd2 Nbd7 10. a3 Qc7 11. Rc1 Rad8 12. Rc2 Qb8 13. Qa1 a5 14. Ne5 Nxe5 15. Bxe5 Qa7 16. Qb2 Ne8 17. b4 dxc4 18. Nxc4 f6 19. Bf4 axb4 20. axb4 Ra8 21. Be3 Qb8 22. Nb6 Nc7 23. Nxa8 Qxa8 24. Ra1 Qc8 25. Ra5 Qd7 26. Ra7 Nd5 27. Bc5 1-0

[Event "GER-chT Seniors 15th"]
[Site "Bad Blankenburg"]
[Date "2006.09.06"]
[Round "4.3"]
[White "Etzold, Ernst Walter"]
[Black "Badestein, Hartmut"]
[Result "1/2-1/2"]
[WhiteElo "2117"]
[BlackElo "2192"]
[PlyCount "38"]
[EventDate "2006.09.03"]
[EventType "team-swiss"]
[EventRounds "7"]
[EventCountry "GER"]
[SourceTitle "CBM 114 Extra"]
[Source "ChessBase"]
[SourceDate "2006.11.03"]
[SourceVersion "1"]
[SourceVersionDate "2006.11.03"]
[SourceQuality "1"]

1. d4 Nf6 2. Nf3 g6 3. c4 Bg7 4. Nc3 0-0 5. e4 d6 6. Be2 e5 7. dxe5 dxe5 8. Qxd8 Rxd8 9. Bg5 Re8 10. 0-0-0 Na6 11. h3 Nc5 12. Nd2 c6 13. Be3 Ne6 14. Nb3 a5 15. Rhe1 a4 16. Nc5 a3 17. b3 Nd4 18. Bf1 b6 19. N5a4 Nd7 1/2-1/2

[Event "GER-chT Seniors 15th"]
[Site "Bad Blankenburg"]
[Date "2006.09.04"]
[Round "2.3"]
[White "Etzold, Ernst Walter"]
[Black "Hein, Manfred"]
[Result "1/2-1/2"]
[WhiteElo "2117"]
[BlackElo "2128"]
[PlyCount "35"]
[EventDate "2006.09.03"]
[EventType "team-swiss"]
[EventRounds "7"]
[EventCountry "GER"]
[SourceTitle "CBM 114 Extra"]
[Source "ChessBase"]
[SourceDate "2006.11.03"]
[SourceVersion "1"]
[SourceVersionDate "2006.11.03"]
[SourceQuality "1"]

1. d4 d5 2. Nf3 c6 3. Bf4 Bf5 4. e3 e6 5. Bd3 Bxd3 6. Qxd3 Nf6 7. 0-0 Bd6 8. Be5 Bxe5 9. Nxe5 0-0 10. Nd2 Nbd7 11. Ndf3 h6 12. c4 dxc4 13. Nxc4 Nb6 14. Rac1 Nxc4 15. Qxc4 Nd7 16. Rfd1 Nb6 17. Qe2 Qe7 18. Ne5 1/2-1/2